Responses for Show #9110 - Friday, May 24, 2024

Amar Kakirde game 3.

Contestants

[<< previous game]

Anna Marie Cunningham, a market research account manager from Sellersville, Pennsylvania

Has Karbalai, a public health advisor from Calgary, Alberta, Canada

Amar Kakirde, a graduate student from Lake Hiawatha, New Jersey (whose 2-day cash winnings total $24,599)

[next game >>]

Jeopardy! Round responses

LITERARY SIMILES
CROSSWORD CLUES "2"
I'LL JUST NEED TO VERIFY YOUR IDENTITY
DATE OF BIRTH
MOTHER'S MAIDEN NAME
YOUR FIRST CONCERT
    $200 18
Of Mice and Men

Has
    $200 24
U2

Has
    $200 30
a driver's license

Has
    $200 2
the Library of Congress

Has
    $200 15
Fenimore

Anna Marie
    $200 17
(Anna Marie: Who is Sam Kinison?)
(Has: Who is Vedder?)
(Amar: Who is
(Eddie Van Halen?)
(Ken: No, I'm sorry, I would love to see Eddie Vedder or Sam Kinison sing lead for Van Halen; unfortunately, this was [*].)

David Lee Roth

AmarHasAnna Marie
Triple Stumper
    $400 29
waves

Has
    $400 23
the W-2

Anna Marie
    $400 1
your Social Security number

Anna Marie
    $400 26
(Has: Uh... what is... uh, Minecraft?)
(Amar: What is [**]?)
[Originally ruled incorrect; reversed before Double Jeopardy!]

Bitcoin (Blockchain)

AmarHas
    $400 9
Picasso

Amar
    $400 12
Run-DMC

Anna Marie
    $600 20
[Amar did not include the leading article in his response.]

The Wind in the Willows

Amar
    $600 21
Y2K

Triple Stumper
    $600 28
dog tags

Amar
    $600 6
(Has: Uh, who are the... SEALs?)

the Marines (Marine Corps)

AmarHas
    $500 10
(Amar: What is... Nixon?)
(Ken: No, I'm sorry, her married name was [*]; she gave it to her son as a middle name.)

Milhous

Amar
    $600 13
(Has: Who are the Grateful Dead?)
...
(Ken: Their successors, [*].)

Phish

Has
Triple Stumper
    $800 19
T.S. Eliot

Has
    $800 22
(Has: Uh... what is... uh... 2 point?)
(Anna Marie: What is a captcha?)

2-factor

HasAnna Marie
Triple Stumper
    $800 27
fingerprints

Has
    $800 7
Gamblers Anonymous

Has
    $800 11
Gary Kasparov

Amar
    $800 14
Radiohead

Amar
    $1000 3
(Raymond) Chandler

Has
    $1000 4
Biosphere 2

Has
    $1000 5
the retina

Has
    $1000 8
the University of Wisconsin

Triple Stumper
    $1000 25
Spelman

Amar
    $1000 16
Neil Young

Anna Marie

Scores at the first commercial break (after clue 15):

Amar Has Anna Marie
$2,100 $2,800 $1,000

Scores at the end of the Jeopardy! Round:

Amar Has Anna Marie
$4,500 $4,000 $1,400

Double Jeopardy! Round responses

UP IN THE AIR
INDIGENOUS ACTORS & ACTRESSES
AMERICAN HISTORY
GEOGRAPHIC ANAGRAMS OF EACH OTHER
(Ken: Each response is two places.)
THE BRITISH PARLIAMENT
RAMBLING WORDS
    $400 26
drone

Amar
    $400 1
Boba Fett

Has
    $400 30
Coney Island

Has
    $400 16
Eire & Erie

Amar
    $400 18
Churchill

Has
    $400 20
verbose

Triple Stumper
    $800 25
(Ken: Less than a minute.)

a yellowjacket

Has
    $800 29
Navajo

Amar
    $800 13
speakeasies

Amar
    $4,400 2
(Has: Oh dear... what are... uh...)

Lima & Mali

Has
    $800 9
question time

Amar
    $800 19
a motormouth

Triple Stumper
    $1200 23
a lob

Triple Stumper
    $1200 24
Lily Gladstone

Has
    $1200 10
(Has: Uh, who is Sitting Bull?)

Chief Joseph

Has
Triple Stumper
    $1200 15
Mesa & Ames

Triple Stumper
    $1200 4
snuff

Amar
    $1200 8
loquacious

Amar
    $1600 22
Gulfstream

Amar
    $1600 27
(Ken: Great show, yes.)

Reservation Dogs

Amar
    $1600 11
Dolores Huerta

Triple Stumper
    $1600 14
the Arno & Oran

Triple Stumper
    $1600 5
the mace

Has
    $1600 7
blather

Has
    $2000 21
(Amar: What is a clipper?)

a frigate bird

Amar
Triple Stumper
    $2000 28
Chief Bromden

Triple Stumper
    $2000 12
(Crispus) Attucks

Amar
    $2000 17
Bogota & Tobago

Triple Stumper
    $2,000 6
(Ken: It is the Palace of [*], yes.)

Westminster

Has
    $2000 3
digressions

Amar

Scores at the end of the Double Jeopardy! Round:

Amar Has Anna Marie
$15,300 $6,800 $1,400
(lock game)

[wagering suggestions for these scores]

Final Jeopardy! Round responses

LITERATURE
[The clue had the "A" and "E" kerned together in an attempt to render the Old English character Æ.]
(Ken: [To Has] Named for the shelf on which it was discovered.)
Anna MarieWhat is this has been a dream come true!
$1,400
HasWhat is Beowulf?
$3,999
AmarWhat is Beowulf?
$1,500
Beowulf

Final scores:

Amar Has Anna Marie
$16,800 $10,799 $0
3-day champion: $41,399 2nd place: $3,000 3rd place: $2,000

Game dynamics:

Coryat scores:

Amar Has Anna Marie
$15,800 $11,200 $1,400
19 R,
3 W
(including 1 DD)
19 R
(including 1 DD),
7 W
(including 1 DD)
5 R,
2 W

Combined Coryat: $28,400

[game clues] [game scores] [suggest correction]

Game tape date: 2024-04-08
The J! Archive is created by fans, for fans. Scraping, republication, monetization, and malicious use prohibited; this site may use cookies and collect identifying information. See terms. The Jeopardy! game show and all elements thereof, including but not limited to copyright and trademark thereto, are the property of Jeopardy Productions, Inc. and are protected under law. This website is not affiliated with, sponsored by, or operated by Jeopardy Productions, Inc. Join the discussion at JBoard.tv.